Testy v moodle
Počítačová podpora výučby. Využívanie internetu na cvičeniach, využívanie zdieľaných dokumentov, prezentácií a databáz v počítačovej sieti. Príprava a realizácia testov, ich nastavenie, zostavenie a analýza. Technické zabezpečenie.
Guardado en:
| Autor principal: | |
|---|---|
| Otros Autores: | |
| Formato: | Capítulo de libro |
| Lenguaje: | eslovaco |
| Materias: | |
| Etiquetas: |
Sin Etiquetas, Sea el primero en etiquetar este registro!
|
MARC
| LEADER | 00000naa$a2200000$$$4500 | ||
|---|---|---|---|
| 001 | 0073151 | ||
| 005 | 20240502071852.3 | ||
| 041 | 0 | |a slo | |
| 044 | |a SK | ||
| 245 | 1 | 0 | |a Testy v moodle |c Ľudmila Kristová, Tatiana Košútová |
| 520 | |a Počítačová podpora výučby. Využívanie internetu na cvičeniach, využívanie zdieľaných dokumentov, prezentácií a databáz v počítačovej sieti. Príprava a realizácia testov, ich nastavenie, zostavenie a analýza. Technické zabezpečenie. | ||
| 610 | 2 | 0 | |a študenti |
| 610 | 2 | 0 | |a vyučovanie |
| 610 | 2 | 0 | |a internet |
| 610 | 2 | 0 | |a siete počítačové |
| 610 | 2 | 0 | |a testy |
| 100 | 1 | |a Kristová, Ľudmila | |
| 700 | 1 | |a Košútová, Tatiana, 1962- | |